00560 a2200205 4500260001000000630010100010037001300111650002800124260001800152245006100170300001100231650001200242650001800254260000900272300000900281100000700290037001100297700002300308700002300331 aParis a69 - Industrie de la construction. Materiaux de construction. Metaux et procedes de construction b1, Achat a6 - SCIENCES APPLIQUEES bMasson et Cie aMonographies sur les métaux de haute pureté : Tome I a540 p. aMétal aMétallurgie c1972 b25cm lFr aS 6400 adir., Chaudron, G. acol., Dimitrov, O.